[Event "HUN-chT2 Toth 1819"]
[Site "Hungary"]
[Date "2019.02.24"]
[Round "8.10"]
[White "Konya, Laszlo"]
[Black "Moczo, Istvan"]
[Result "1-0"]
[WhiteElo "1973"]
[BlackElo "1884"]
[PlyCount "133"]
[EventDate "2018.09.23"]
[EventType "team-tourn"]
[EventRounds "11"]
[EventCountry "HUN"]
[SourceTitle "EXT 2021"]
[Source "ChessBase"]
[SourceDate "2020.10.23"]
[SourceVersion "1"]
[SourceVersionDate "2020.10.23"]
[SourceQuality "1"]
[WhiteTeam "Karcag"]
[BlackTeam "Kecskemet Takisz"]
[WhiteTeamCountry "HUN"]
[BlackTeamCountry "HUN"]

1. d4 d5 2. Nf3 Nf6 3. c4 e6 4. Nc3 c6 5. e3 Be7 6. Be2 0-0 7. 0-0 Nbd7 8. Rb1 dxc4 9. Bxc4 Nb6 10. Bb3 c5 11. Qe2 cxd4 12. exd4 Nbd5 13. Bg5 Nxc3 14. bxc3 h6 15. Bd2 b6 16. Ne5 Bb7 17. f3 Nd7 18. Ng4 Nf6 19. Nf2 Rc8 20. Bc2 Qc7 21. a4 Bd5 22. Rfc1 Bc4 23. Qe1 Rfe8 24. Ne4 Nd5 25. Ra1 Nf4 26. Nf2 Ne2+ 27. Kh1 Nxc1 28. Rxc1 Bd6 29. g3 f5 30. Nd3 Bd5 31. Qf2 Qb7 32. Rf1 Bc4 33. Re1 Bd5 34. Rf1 Qf7 35. Qe3 Rc7 36. Kg1 e5 37. dxe5 Bc4 38. Rb1 Bxd3 39. Qxd3 Bc5+ 40. Kg2 Rd7 41. Qe2 Kh8 42. Bb3 Qg6 43. e6 f4 44. Re1 fxg3 45. hxg3 Qd3 46. Bf4 Qxe2+ 47. Rxe2 Rd3 48. Be5 Re7 49. f4 Kg8 50. Bc4 Rd1 51. Kf3 Ra1 52. Rd2 Kf8 53. Rd8+ Re8 54. Bxg7+ Kxg7 55. Rxe8 Rxa4 56. Bd5 Kf6 57. Kg4 Ra3 58. Rh8 Kg7 59. Rb8 Rxc3 60. Rb7+ Kf8 61. f5 Re3 62. f6 Bd6 63. e7+ Bxe7 64. Rb8+ Bd8 65. Rxd8+ Re8 66. Rd7 Re5 67. Kf4 1-0

[Event "HUN-chT2 Toth 1718"]
[Site "Hungary"]
[Date "2017.10.29"]
[Round "3.8"]
[White "Konya, Laszlo"]
[Black "Fridrik, Richard"]
[Result "1/2-1/2"]
[WhiteElo "2022"]
[BlackElo "1795"]
[PlyCount "74"]
[EventDate "2017.09.24"]
[EventType "team-tourn"]
[EventRounds "11"]
[EventCountry "HUN"]
[SourceTitle "EXT 2021"]
[Source "ChessBase"]
[SourceDate "2020.10.23"]
[SourceVersion "1"]
[SourceVersionDate "2020.10.23"]
[SourceQuality "1"]
[WhiteTeam "Karcag"]
[BlackTeam "Szeged Meritum"]
[WhiteTeamCountry "HUN"]
[BlackTeamCountry "HUN"]

1. d4 d5 2. Nf3 Nf6 3. c4 c6 4. e3 g6 5. Nc3 Bg7 6. Bd3 dxc4 7. Bxc4 b5 8. Be2 0-0 9. Qc2 a6 10. 0-0 Bb7 11. Bd2 Nbd7 12. b4 Rc8 13. Rac1 e5 14. Nxe5 Nxe5 15. dxe5 Nd5 16. Nxd5 Qxd5 17. f4 Rfd8 18. Rfd1 Qe6 19. e4 Bf8 20. a3 c5 21. Qb1 cxb4 22. Bxb4 Qb6+ 23. Kh1 Qe3 24. Rxc8 Rxc8 25. Bf3 Qxf4 26. e6 fxe6 27. Qb3 Bxb4 28. axb4 Re8 29. g3 Qe5 30. Qe3 Rf8 31. Bg2 Rf7 32. Qh6 Qc7 33. Qg5 Qe7 34. Qh6 Qf8 35. Qg5 Qe7 36. Qh6 Qf8 37. Qg5 Qe7 1/2-1/2

[Event "HUN-chT2 Toth 1718"]
[Site "Hungary"]
[Date "2017.10.08"]
[Round "2.7"]
[White "Konya, Laszlo"]
[Black "Szilassi, Abel"]
[Result "1/2-1/2"]
[WhiteElo "2022"]
[BlackElo "1953"]
[PlyCount "98"]
[EventDate "2017.09.24"]
[EventType "team-tourn"]
[EventRounds "11"]
[EventCountry "HUN"]
[SourceTitle "EXT 2021"]
[Source "ChessBase"]
[SourceDate "2020.10.23"]
[SourceVersion "1"]
[SourceVersionDate "2020.10.23"]
[SourceQuality "1"]
[WhiteTeam "Karcag"]
[BlackTeam "Szeged Maroczy II"]
[WhiteTeamCountry "HUN"]
[BlackTeamCountry "HUN"]

1. d4 d5 2. Nf3 Nf6 3. c4 c6 4. e3 e6 5. Qc2 Nbd7 6. Be2 Bd6 7. Nbd2 0-0 8. b3 b6 9. Bb2 Qc7 10. Rc1 Bb7 11. 0-0 Rfe8 12. a3 e5 13. cxd5 Nxd5 14. Ne4 exd4 15. Nxd6 Qxd6 16. Nxd4 c5 17. Nf5 Qc6 18. Bf3 Ne5 19. Bxe5 Rxe5 20. Ng3 Qc7 21. Qb2 Rae8 22. Rfd1 Nf6 23. Bxb7 Qxb7 24. e4 R5e6 25. f3 Qc7 26. Nf5 Rd8 27. Qc3 g6 28. Ne3 Rxd1+ 29. Rxd1 Qe5 30. Qd2 Qf4 31. Qd3 Re7 32. Qc3 Rd7 33. Rxd7 Nxd7 34. Nd5 Qe5 35. Qd3 Nf6 36. Nc3 Kf8 37. Qd8+ Kg7 38. Qd3 Kf8 39. g3 Ke7 40. Kf2 Qd6 41. Qxd6+ Kxd6 42. Nb5+ Ke5 43. Ke3 a5 44. f4+ Ke6 45. h3 h6 46. Nc3 Nd7 47. Kd3 Kd6 48. g4 g5 49. Ke3 f6 1/2-1/2

[Event "HUN-chT2 Toth 1617"]
[Site "Hungary"]
[Date "2017.01.29"]
[Round "7.8"]
[White "Papp, Zoltan"]
[Black "Konya, Laszlo"]
[Result "1/2-1/2"]
[WhiteElo "1847"]
[BlackElo "2054"]
[PlyCount "91"]
[EventDate "2016.09.25"]
[EventType "team-tourn"]
[EventRounds "11"]
[EventCountry "HUN"]
[SourceTitle "EXT 2021"]
[Source "ChessBase"]
[SourceDate "2020.10.23"]
[SourceVersion "1"]
[SourceVersionDate "2020.10.23"]
[SourceQuality "1"]
[WhiteTeam "Kecskemet Toth Laszlo II"]
[BlackTeam "Karcag"]
[WhiteTeamCountry "HUN"]
[BlackTeamCountry "HUN"]

1. d4 d5 2. f4 f5 3. Nf3 e6 4. e3 Nf6 5. Ne5 Bd6 6. Bd3 0-0 7. 0-0 Bd7 8. Bd2 Be8 9. Be1 c5 10. c3 Nbd7 11. Bh4 Qb6 12. Qb3 Qc7 13. Qc2 a6 14. Nd2 b5 15. Ndf3 Rc8 16. Rac1 Qb6 17. Qf2 Bh5 18. Nxd7 Nxd7 19. Ne5 Be8 20. h3 Nf6 21. g4 cxd4 22. cxd4 Rxc1 23. Rxc1 Bxe5 24. fxe5 Ne4 25. Bxe4 fxe4 26. Qe2 b4 27. Rf1 Rxf1+ 28. Qxf1 Bb5 29. Qc1 Qb7 30. Qc5 h6 31. Be7 a5 32. Kg2 Qa6 33. Qd6 Qc8 34. Qd8+ Qxd8 35. Bxd8 a4 36. Kg3 Kf7 37. h4 Bd3 38. Kf4 Bc2 39. g5 h5 40. Ba5 b3 41. a3 Bd1 42. Kg3 Ke8 43. Bb4 Bg4 44. Kf4 g6 45. Kg3 Kd7 46. Kf2 1/2-1/2

[Event "HUN-chT2 Toth 1617"]
[Site "Hungary"]
[Date "2016.12.11"]
[Round "6.7"]
[White "Fabian, Istvan"]
[Black "Konya, Laszlo"]
[Result "0-1"]
[WhiteElo "1765"]
[BlackElo "2054"]
[PlyCount "128"]
[EventDate "2016.09.25"]
[EventType "team-tourn"]
[EventRounds "11"]
[EventCountry "HUN"]
[SourceTitle "EXT 2021"]
[Source "ChessBase"]
[SourceDate "2020.10.23"]
[SourceVersion "1"]
[SourceVersionDate "2020.10.23"]
[SourceQuality "1"]
[WhiteTeam "Szeged Meritum"]
[BlackTeam "Karcag"]
[WhiteTeamCountry "HUN"]
[BlackTeamCountry "HUN"]

1. Nf3 d5 2. g3 e6 3. Bg2 f5 4. d3 Nf6 5. b3 Bd6 6. Bb2 Nbd7 7. c4 c6 8. Qc2 Qe7 9. d4 Ne4 10. c5 Bc7 11. b4 e5 12. Nxe5 Nxe5 13. dxe5 Bxe5 14. Nd2 Nxd2 15. Qxd2 0-0 16. f4 Bxb2 17. Qxb2 Bd7 18. Bf3 a5 19. a3 Qe3 20. Qd2 Qe7 21. Kf2 Ra7 22. Rhc1 axb4 23. axb4 Rfa8 24. Rxa7 Rxa7 25. Qb2 Qf6 26. Qxf6 gxf6 27. Ke3 Kf7 28. Kd4 Ke6 29. Rc3 Ra6 30. Bh5 Ke7 31. h3 Kd8 32. g4 Ra1 33. Rb3 Be6 34. Re3 Rd1+ 35. Rd3 Rc1 36. Rb3 Rc4+ 37. Ke3 Kc7 38. gxf5 Bxf5 39. Bg4 Be4 40. Bf3 b6 41. cxb6+ Kxb6 42. Bxe4 Rxe4+ 43. Kf3 Kb5 44. Kg4 Rxb4 45. Rxb4+ Kxb4 46. Kf5 c5 47. Kxf6 c4 48. Kg7 c3 49. f5 c2 50. f6 c1Q 51. f7 Qg5+ 52. Kxh7 Qf6 53. Kg8 Qg6+ 54. Kf8 d4 55. Ke7 Qg7 56. Ke8 Qe5+ 57. Kd8 Qf6+ 58. Ke8 Qe6+ 59. Kf8 Qxe2 60. Kg7 Qe5+ 61. Kg6 Qf4 62. Kg7 Qg5+ 63. Kh7 Qf6 64. Kg8 d3 0-1

[Event "HUN-chT2 Toth 1617"]
[Site "Hungary"]
[Date "2016.10.30"]
[Round "3.9"]
[White "Brhlik, Gyorgy"]
[Black "Konya, Laszlo"]
[Result "0-1"]
[WhiteElo "1913"]
[BlackElo "2054"]
[PlyCount "102"]
[EventDate "2016.09.25"]
[EventType "team-tourn"]
[EventRounds "11"]
[EventCountry "HUN"]
[SourceTitle "EXT 2021"]
[Source "ChessBase"]
[SourceDate "2020.10.23"]
[SourceVersion "1"]
[SourceVersionDate "2020.10.23"]
[SourceQuality "1"]
[WhiteTeam "Bekes"]
[BlackTeam "Karcag"]
[WhiteTeamCountry "HUN"]
[BlackTeamCountry "HUN"]

1. Nf3 d5 2. g3 e6 3. Bg2 f5 4. d4 Nf6 5. Bg5 Nbd7 6. Ne5 Be7 7. Nxd7 Bxd7 8. 0-0 0-0 9. Nd2 c5 10. c3 cxd4 11. cxd4 Qb6 12. Nb3 Ba4 13. Qd3 Bxb3 14. axb3 h6 15. Bxf6 Bxf6 16. e3 Rfc8 17. Rfc1 Rc6 18. Rc3 Rac8 19. Rac1 Be7 20. Bf1 Bb4 21. R3c2 a6 22. Be2 Rxc2 23. Rxc2 Rc6 24. Bd1 Bd6 25. h4 g6 26. h5 gxh5 27. Bxh5 Rxc2 28. Qxc2 Qc7 29. Qxc7 Bxc7 30. Kf1 Kg7 31. f4 Bd6 32. Be8 Kf6 33. Ke2 Ke7 34. Bh5 Kd7 35. Bf7 Bb4 36. Bh5 a5 37. Bf7 b5 38. Bh5 a4 39. bxa4 bxa4 40. Bf7 Bc3 41. Kd3 Bxb2 42. Kc2 Ba3 43. Bh5 Bb4 44. g4 Ke7 45. gxf5 exf5 46. Bd1 a3 47. Kb1 Bd2 48. Bb3 Kd6 49. Kc2 Bxe3 50. Kd3 Bxf4 51. Ke2 Bc1 0-1

[Event "HUN-chT2 Toth 1617"]
[Site "Hungary"]
[Date "2016.10.09"]
[Round "2.8"]
[White "Ottlakan, Peter"]
[Black "Konya, Laszlo"]
[Result "1/2-1/2"]
[WhiteElo "1803"]
[BlackElo "2054"]
[PlyCount "66"]
[EventDate "2016.09.25"]
[EventType "team-tourn"]
[EventRounds "11"]
[EventCountry "HUN"]
[SourceTitle "EXT 2021"]
[Source "ChessBase"]
[SourceDate "2020.10.23"]
[SourceVersion "1"]
[SourceVersionDate "2020.10.23"]
[SourceQuality "1"]
[WhiteTeam "Gyula"]
[BlackTeam "Karcag"]
[WhiteTeamCountry "HUN"]
[BlackTeamCountry "HUN"]

1. d4 d5 2. Nf3 c6 3. e3 Bg4 4. Be2 Nd7 5. 0-0 e6 6. h3 Bh5 7. b3 f5 8. c4 Ngf6 9. Ng5 Bf7 10. Nxf7 Kxf7 11. Nc3 Bd6 12. cxd5 exd5 13. Qc2 g6 14. f3 Kg7 15. e4 dxe4 16. fxe4 fxe4 17. Nxe4 Nxe4 18. Qxe4 Nf6 19. Qe3 Nd5 20. Qh6+ Kg8 21. Bg4 Nc7 22. Bg5 Be7 23. Bxe7 Qxe7 24. Rae1 Qd6 25. Kh1 Rf8 26. Rf5 Rxf5 27. Bxf5 Qxd4 28. Re8+ Kf7 29. Bxg6+ hxg6 30. Rxh8 Qa1+ 31. Kh2 Qe5+ 32. Kg1 Qe1+ 33. Kh2 Qe5+ 1/2-1/2

[Event "HUN-chT2 Toth 1516"]
[Site "Hungary"]
[Date "2016.04.17"]
[Round "11.8"]
[White "Ohat, Imre"]
[Black "Konya, Laszlo"]
[Result "0-1"]
[WhiteElo "1943"]
[BlackElo "2080"]
[PlyCount "120"]
[EventDate "2015.09.13"]
[EventType "team-tourn"]
[EventRounds "11"]
[EventCountry "HUN"]
[SourceTitle "EXT 2017"]
[Source "ChessBase"]
[SourceDate "2016.10.25"]
[SourceVersion "1"]
[SourceVersionDate "2016.10.25"]
[SourceQuality "1"]
[WhiteTeam "Maroczy II"]
[BlackTeam "Karcag"]
[WhiteTeamCountry "HUN"]
[BlackTeamCountry "HUN"]

1. Nf3 d5 2. c4 c6 3. e3 e6 4. Nc3 f5 5. Be2 Nf6 6. 0-0 Bd6 7. Qc2 0-0 8. b3 Qe7 9. Bb2 Bd7 10. Rac1 a5 11. c5 Bc7 12. Na4 e5 13. d3 Be8 14. Nb6 Bxb6 15. cxb6 Nbd7 16. Qc3 Bh5 17. Rfe1 Bxf3 18. Bxf3 e4 19. Be2 Nxb6 20. a4 Nbd7 21. Ra1 Rfe8 22. Ba3 Qe5 23. Qc2 Qe6 24. b4 axb4 25. Bxb4 b6 26. d4 c5 27. Bc3 c4 28. Qb2 Qc6 29. Qb4 Ra7 30. Ra2 Rea8 31. Rea1 Ne8 32. h3 Ndf6 33. Bd1 Nd6 34. Rb1 Nd7 35. Bc2 Kf7 36. Rba1 Nb7 37. Bb2 Na5 38. Qc3 Qc7 39. Ba3 Nf6 40. Rb1 Nd7 41. Rb5 Qc6 42. Ra1 g5 43. Rab1 Re8 44. f3 Re6 45. fxe4 fxe4 46. Qb4 Kg6 47. Rf1 Nb7 48. Qe1 Nd6 49. Bxd6 Qxd6 50. Qe2 Rf6 51. Rfb1 Ra8 52. Bd1 h6 53. Qh5+ Kg7 54. h4 Qg3 55. Rxd5 Qxe3+ 56. Kh2 Qf4+ 57. Kg1 Rd6 58. hxg5 Qe3+ 59. Kf1 Rf8+ 60. Bf3 exf3 0-1

[Event "HUN-chT2 Toth 1516"]
[Site "Hungary"]
[Date "2015.12.06"]
[Round "6.7"]
[White "Botta, Tibor"]
[Black "Konya, Laszlo"]
[Result "0-1"]
[WhiteElo "1886"]
[BlackElo "2080"]
[PlyCount "68"]
[EventDate "2015.09.13"]
[EventType "team-tourn"]
[EventRounds "11"]
[EventCountry "HUN"]
[SourceTitle "CBM 170 Extra"]
[Source "ChessBase"]
[SourceDate "2016.02.25"]
[SourceVersion "1"]
[SourceVersionDate "2016.02.25"]
[SourceQuality "1"]
[WhiteTeam "Takisz"]
[BlackTeam "Karcag"]
[WhiteTeamCountry "HUN"]
[BlackTeamCountry "HUN"]

1. d4 d5 2. Nf3 c6 3. e3 Bg4 4. c4 e6 5. Nc3 Bd6 6. c5 Bc7 7. Be2 Nd7 8. h3 Bh5 9. Bd2 Ngf6 10. b4 0-0 11. 0-0 Qe7 12. Nh2 Bxe2 13. Qxe2 e5 14. Ng4 Rfe8 15. Nxf6+ Qxf6 16. Qd3 e4 17. Qe2 Re6 18. f4 exf3 19. Qxf3 Qg6 20. Be1 Rae8 21. Nd1 Rf6 22. Qe2 Qe4 23. Rxf6 Nxf6 24. Qf3 Qd3 25. Qf1 Qg6 26. Qf3 Ne4 27. h4 Re6 28. Qh3 h5 29. Nf2 Nf6 30. Bd2 Qc2 31. Be1 Qe2 32. a4 Ng4 33. g3 Nxe3 34. Nh1 Nc2 0-1

[Event "HUN-chT2 Toth 1516"]
[Site "Hungary"]
[Date "2015.11.08"]
[Round "4.7"]
[White "Martonosi, Adam"]
[Black "Konya, Laszlo"]
[Result "1/2-1/2"]
[WhiteElo "1868"]
[BlackElo "2080"]
[PlyCount "121"]
[EventDate "2015.09.13"]
[EventType "team-tourn"]
[EventRounds "11"]
[EventCountry "HUN"]
[SourceTitle "CBM 170 Extra"]
[Source "ChessBase"]
[SourceDate "2016.02.25"]
[SourceVersion "1"]
[SourceVersionDate "2016.02.25"]
[SourceQuality "1"]
[WhiteTeam "Mako SVSE II"]
[BlackTeam "Karcag"]
[WhiteTeamCountry "HUN"]
[BlackTeamCountry "HUN"]

1. c4 e6 2. g3 d5 3. Bg2 c6 4. Nf3 f5 5. b3 Nf6 6. Bb2 Bd6 7. d3 Qe7 8. Nbd2 e5 9. cxd5 cxd5 10. 0-0 0-0 11. Rc1 Nc6 12. Qc2 Bd7 13. Qb1 e4 14. Nd4 e3 15. N2f3 exf2+ 16. Rxf2 Bc5 17. e3 Bxd4 18. Nxd4 Qxe3 19. Re1 Qg5 20. Ne6 Bxe6 21. Rxe6 Rad8 22. b4 Rd7 23. Rfe2 a6 24. a4 Nh5 25. Qe1 Qd8 26. b5 Qb6+ 27. Qf2 Qxf2+ 28. Kxf2 axb5 29. axb5 Na7 30. Re7 Rfd8 31. Bd4 Nxb5 32. Bb6 Rxe7 33. Rxe7 Rf8 34. Bxd5+ Kh8 35. Rxb7 f4 36. g4 Nf6 37. Bf3 Rc8 38. d4 h6 39. Bc5 Nc3 40. Re7 Rd8 41. h4 Kh7 42. g5 hxg5 43. hxg5 Nfd5 44. Re6 Rb8 45. Bh5 Ne3 46. Bg6+ Kg8 47. Kf3 Ned5 48. Re8+ Rxe8 49. Bxe8 Nc7 50. Bd7 Kf7 51. Kxf4 Ne6+ 52. Bxe6+ Kxe6 53. Kg4 g6 54. Kf4 Kd5 55. Ke3 Ne4 56. Be7 Ng3 57. Kd3 Nf5 58. Kc3 Ng7 59. Bf6 Ne6 60. Kd3 Nc7 61. Bd8 1/2-1/2

[Event "HUN-chT2 Toth 1415"]
[Site "Hungary"]
[Date "2015.03.22"]
[Round "10.7"]
[White "Konya, Laszlo"]
[Black "Monus, Zoltan"]
[Result "1-0"]
[WhiteElo "2058"]
[BlackElo "2005"]
[PlyCount "79"]
[EventDate "2014.09.07"]
[EventType "team-tourn"]
[EventRounds "11"]
[EventCountry "HUN"]
[SourceTitle "EXT 2016"]
[Source "ChessBase"]
[SourceDate "2015.10.08"]
[SourceVersion "1"]
[SourceVersionDate "2015.10.08"]
[SourceQuality "1"]
[WhiteTeam "Karcag"]
[BlackTeam "Oroshaza"]
[WhiteTeamCountry "HUN"]
[BlackTeamCountry "HUN"]

1. d4 Nf6 2. Nf3 d6 3. c4 g6 4. Nc3 Bg7 5. e4 0-0 6. Be2 Na6 7. h3 e5 8. dxe5 dxe5 9. Be3 c6 10. Qc2 Qe7 11. Rd1 Re8 12. 0-0 h6 13. Na4 Nd7 14. a3 Nac5 15. Nxc5 Nxc5 16. b4 Ne6 17. Qc3 a5 18. c5 axb4 19. axb4 Ng5 20. Nxg5 hxg5 21. b5 Be6 22. bxc6 bxc6 23. Rd6 Rec8 24. Rfd1 Ra4 25. Ra1 Qa7 26. Rad1 Bf6 27. Rxe6 fxe6 28. Bg4 Re8 29. Rd6 Ra1+ 30. Kh2 Ra3 31. Qc4 Qa4 32. Bxe6+ Kg7 33. Qc1 Rd8 34. Bd7 g4 35. Bxc6 g3+ 36. fxg3 Qb3 37. Rxf6 Rd1 38. Bh6+ Kh7 39. Qg5 Qg8 40. Bf8 1-0

[Event "HUN-chT2 Toth 1415"]
[Site "Hungary"]
[Date "2014.09.21"]
[Round "2.5"]
[White "Konya, Laszlo"]
[Black "Gombos, Janos"]
[Result "0-1"]
[WhiteElo "2058"]
[BlackElo "1994"]
[PlyCount "48"]
[EventDate "2014.09.07"]
[EventType "team-tourn"]
[EventRounds "11"]
[EventCountry "HUN"]
[SourceTitle "EXT 2016"]
[Source "ChessBase"]
[SourceDate "2015.10.08"]
[SourceVersion "1"]
[SourceVersionDate "2015.10.08"]
[SourceQuality "1"]
[WhiteTeam "Karcag"]
[BlackTeam "Gyula"]
[WhiteTeamCountry "HUN"]
[BlackTeamCountry "HUN"]

1. d4 Nf6 2. Nf3 g6 3. c4 Bg7 4. Nc3 0-0 5. e4 d6 6. Be2 e5 7. dxe5 dxe5 8. Qc2 Re8 9. h3 c6 10. Be3 b6 11. 0-0 Qe7 12. c5 Nbd7 13. cxb6 axb6 14. Na4 Qb4 15. b3 Qxe4 16. Bd3 Qd5 17. Bxb6 Rxa4 18. bxa4 Nxb6 19. a5 Qxa5 20. Nd2 Bd7 21. Nb3 Qa4 22. Qc5 Nfd5 23. Rab1 Qxa2 24. Na5 Bf8 0-1

[Event "HUN-chT2 Toth 1314"]
[Site "Hungary"]
[Date "2014.03.02"]
[Round "8.11"]
[White "Konya, Laszlo"]
[Black "Nagy, Viktor"]
[Result "1-0"]
[WhiteElo "2054"]
[BlackElo "1726"]
[PlyCount "49"]
[EventDate "2013.09.08"]
[EventType "team-tourn"]
[EventRounds "11"]
[EventCountry "HUN"]
[SourceTitle "EXT 2016"]
[Source "ChessBase"]
[SourceDate "2015.10.08"]
[SourceVersion "1"]
[SourceVersionDate "2015.10.08"]
[SourceQuality "1"]
[WhiteTeam "Karcag"]
[BlackTeam "Szentes"]
[WhiteTeamCountry "HUN"]
[BlackTeamCountry "HUN"]

1. d4 d5 2. Nf3 g6 3. Bf4 Bg7 4. e3 Nf6 5. Bd3 0-0 6. 0-0 Bg4 7. h3 Bxf3 8. Qxf3 e6 9. c4 c6 10. Nc3 a6 11. a4 Nbd7 12. b4 dxc4 13. Bxc4 Nb6 14. Be2 Nbd5 15. Nxd5 Nxd5 16. Rab1 Nc3 17. Ra1 Qd5 18. Rfc1 Ne4 19. Bc4 Qf5 20. Bd3 Ng5 21. Qe2 Nxh3+ 22. gxh3 Qxh3 23. Be4 Qh4 24. Bg2 Bxd4 25. Bg3 1-0

[Event "HUN-chT2 Toth 1314"]
[Site "Hungary"]
[Date "2014.02.02"]
[Round "6.9"]
[White "Konya, Laszlo"]
[Black "Strifler, Janos"]
[Result "1-0"]
[WhiteElo "2054"]
[BlackElo "1797"]
[PlyCount "55"]
[EventDate "2013.09.08"]
[EventType "team-tourn"]
[EventRounds "11"]
[EventCountry "HUN"]
[SourceTitle "EXT 2016"]
[Source "ChessBase"]
[SourceDate "2015.10.08"]
[SourceVersion "1"]
[SourceVersionDate "2015.10.08"]
[SourceQuality "1"]
[WhiteTeam "Karcag"]
[BlackTeam "Gyula"]
[WhiteTeamCountry "HUN"]
[BlackTeamCountry "HUN"]

1. d4 d5 2. Nf3 Nf6 3. c4 e6 4. e3 Be7 5. Bd3 c6 6. 0-0 0-0 7. b3 Nbd7 8. Bb2 b6 9. Nbd2 Bb7 10. Qe2 h6 11. Rfd1 Rc8 12. a3 Bd6 13. Rac1 c5 14. Bb1 Qe7 15. dxc5 Bxc5 16. b4 Bd6 17. cxd5 Bxd5 18. e4 Bb7 19. Rxc8 Rxc8 20. e5 Nd5 21. exd6 Qxd6 22. g3 Nc3 23. Bxc3 Rxc3 24. Ne4 Qc6 25. Rd4 Rc1+ 26. Rd1 Rxd1+ 27. Qxd1 Kf8 28. Qd6+ 1-0

[Event "HUN-chT2 Maroczy 1213"]
[Site "Hungary"]
[Date "2013.03.03"]
[Round "8"]
[White "Bernath, Robert"]
[Black "Konya, Laszlo"]
[Result "1-0"]
[WhiteElo "2074"]
[BlackElo "2142"]
[PlyCount "87"]
[EventDate "2012.09.16"]
[EventType "team-tourn"]
[EventRounds "11"]
[EventCountry "HUN"]
[SourceTitle "EXT 2014"]
[Source "ChessBase"]
[SourceDate "2013.11.20"]
[SourceVersion "1"]
[SourceVersionDate "2013.11.20"]
[SourceQuality "1"]
[WhiteTeam "Maroczy"]
[BlackTeam "Karcag"]
[WhiteTeamCountry "HUN"]
[BlackTeamCountry "HUN"]

1. e4 c6 2. d4 d5 3. e5 Bf5 4. Nc3 e6 5. g4 Bg6 6. Nge2 c5 7. h4 h6 8. Be3 Nc6 9. f4 cxd4 10. Nxd4 Bb4 11. f5 Bxc3+ 12. bxc3 exf5 13. gxf5 Nxd4 14. fxg6 Nf5 15. Bb5+ Kf8 16. Bc5+ Nge7 17. Qf3 fxg6 18. h5 Rc8 19. Bd6 Kg8 20. hxg6 Nxd6 21. exd6 Nxg6 22. Qxd5+ Kh7 23. 0-0-0 Qf6 24. Rdf1 Qe5 25. Qg2 Nf4 26. Qxb7 Rb8 27. Qf7 Rhf8 28. Qe7 Qxb5 29. Qe4+ Qf5 30. Rxf4 Qxe4 31. Rxe4 Rbd8 32. Rd1 Rf6 33. Red4 g5 34. c4 Rf5 35. Rd5 Rxd5 36. Rxd5 g4 37. Kd2 Kg6 38. c5 h5 39. c6 g3 40. c7 Rf8 41. d7 g2 42. d8Q Rf2+ 43. Kc3 g1Q 44. Qg8+ 1-0

[Event "HUN-chT2 Toth 1112"]
[Site "Hungary"]
[Date "2012.02.19"]
[Round "6.9"]
[White "Csibor, Andras"]
[Black "Konya, Laszlo"]
[Result "0-1"]
[WhiteElo "1970"]
[BlackElo "2147"]
[PlyCount "106"]
[EventDate "2011.09.25"]
[EventType "team-tourn"]
[EventRounds "11"]
[EventCountry "HUN"]
[SourceTitle "EXT 2013"]
[Source "ChessBase"]
[SourceDate "2012.11.22"]
[SourceVersion "1"]
[SourceVersionDate "2012.11.22"]
[SourceQuality "1"]
[WhiteTeam "Mako"]
[BlackTeam "Karcag"]
[WhiteTeamCountry "HUN"]
[BlackTeamCountry "HUN"]

1. d4 d5 2. f4 Bf5 3. e3 Nf6 4. Bd3 e6 5. Nf3 c6 6. 0-0 Be7 7. c4 0-0 8. Nc3 dxc4 9. Bxc4 Nbd7 10. Qe2 b5 11. Bb3 b4 12. Nd1 c5 13. Nf2 Ne4 14. Nxe4 Bxe4 15. Bc2 Bxc2 16. Qxc2 Qb6 17. Bd2 Rfc8 18. Qa4 Nf6 19. Rfc1 Ne4 20. Be1 a5 21. a3 cxd4 22. exd4 Rxc1 23. Rxc1 bxa3 24. bxa3 Qd6 25. Rc6 Qxa3 26. Qc2 Qe3+ 27. Kh1 g6 28. Rc8+ Rxc8 29. Qxc8+ Kg7 30. Qc7 Bf6 31. Qxa5 Qxf4 32. d5 exd5 33. Qxd5 g5 34. Bd2 Nxd2 35. Qxd2 Qc4 36. h3 h6 37. Qf2 Qf4 38. g3 Qf5 39. Kg2 h5 40. Ng1 Qg6 41. Ne2 Be5 42. Qe3 f6 43. Qa7+ Kh6 44. Qe3 Qf5 45. Qf3 Qe6 46. Qe3 Kg7 47. Qf3 Kg6 48. h4 gxh4 49. gxh4 Qg4+ 50. Ng3 Qxg3+ 51. Qxg3+ Bxg3 52. Kxg3 Kf5 53. Kf3 Ke5 0-1

[Event "HUN-chT2 Toth 1112"]
[Site "Hungary"]
[Date "2012.01.29"]
[Round "5.8"]
[White "Palicska, Janos"]
[Black "Konya, Laszlo"]
[Result "1/2-1/2"]
[WhiteElo "1968"]
[BlackElo "2147"]
[PlyCount "124"]
[EventDate "2011.09.25"]
[EventType "team-tourn"]
[EventRounds "11"]
[EventCountry "HUN"]
[SourceTitle "EXT 2013"]
[Source "ChessBase"]
[SourceDate "2012.11.22"]
[SourceVersion "1"]
[SourceVersionDate "2012.11.22"]
[SourceQuality "1"]
[WhiteTeam "Mezobereny"]
[BlackTeam "Karcag"]
[WhiteTeamCountry "HUN"]
[BlackTeamCountry "HUN"]

1. c4 c5 2. Nc3 Nc6 3. g3 g6 4. Bg2 Bg7 5. Nf3 e5 6. d3 Nge7 7. Bd2 d6 8. Rc1 h6 9. a3 Be6 10. 0-0 f5 11. Ne1 0-0 12. Bd5 Qd7 13. e3 Kh7 14. b3 Rf6 15. Ng2 Raf8 16. f4 Bxd5 17. cxd5 Nd8 18. Qe2 Nf7 19. e4 b5 20. Nh4 a5 21. exf5 gxf5 22. Qg2 Qb7 23. g4 exf4 24. Nxf5 Nxf5 25. gxf5 Rxf5 26. Rxf4 Rxf4 27. Bxf4 Kh8 28. Kh1 b4 29. axb4 axb4 30. Ne4 Qxd5 31. Rg1 Bd4 32. Be3 Qe5 33. Bxd4 cxd4 34. Qg6 Ng5 35. Qxh6+ Nh7 36. Qxd6 Qxd6 37. Nxd6 Rf3 38. h3 Rxh3+ 39. Kg2 Rxd3 40. Kf2 Nf6 41. Nf7+ Kh7 42. Rb1 Ne4+ 43. Kg2 Rc3 44. Ne5 d3 45. Nc4 Rc2+ 46. Kf3 Nc5 47. Ke3 Rc3 48. Nd2 Rc2 49. Kd4 Rc3 50. Ke3 Rc2 51. Kd4 Kg6 52. Nc4 Ne6+ 53. Kxd3 Rc3+ 54. Kd2 Nc5 55. Na5 Kf5 56. Rc1 Ne4+ 57. Kd1 Rd3+ 58. Ke2 Rh3 59. Rc4 Nc3+ 60. Kf2 Nd5 61. Rd4 Ke5 62. Nc6+ Kd6 1/2-1/2

[Event "HUN-chT2 Toth 1112"]
[Site "Hungary"]
[Date "2011.10.30"]
[Round "2.10"]
[White "Varga, Tamas"]
[Black "Konya, Laszlo"]
[Result "0-1"]
[WhiteElo "1745"]
[BlackElo "2147"]
[PlyCount "86"]
[EventDate "2011.09.25"]
[EventType "team-tourn"]
[EventRounds "11"]
[EventCountry "HUN"]
[SourceTitle "EXT 2013"]
[Source "ChessBase"]
[SourceDate "2012.11.22"]
[SourceVersion "1"]
[SourceVersionDate "2012.11.22"]
[SourceQuality "1"]
[WhiteTeam "Bekes"]
[BlackTeam "Karcag"]
[WhiteTeamCountry "HUN"]
[BlackTeamCountry "HUN"]

1. e4 c6 2. d4 d5 3. exd5 cxd5 4. Nf3 Nc6 5. c3 Bg4 6. h3 Bxf3 7. Qxf3 e6 8. Bd3 Nf6 9. Bf4 Bd6 10. Nd2 a6 11. Nb3 Qc7 12. Bxd6 Qxd6 13. Nc5 Rb8 14. 0-0 0-0 15. Rae1 Rfe8 16. Bb1 e5 17. Qg3 Nh5 18. Qg5 g6 19. b4 exd4 20. Rxe8+ Rxe8 21. Nxb7 Qc7 22. Nc5 dxc3 23. Nxa6 Qb6 24. b5 Re5 25. Qg4 f5 26. Qa4 Nd4 27. Bd3 Nf4 28. Nb4 Re8 29. Qa3 Nxd3 30. Nxd3 Qxb5 31. Nc1 Qc4 32. Nb3 Ne2+ 33. Kh2 Qf4+ 34. Kh1 Ng3+ 35. fxg3 Qxf1+ 36. Kh2 Re1 37. Qa8+ Kg7 38. Qa7+ Kh6 39. g4 fxg4 40. hxg4 Qf4+ 41. g3 Re2+ 42. Kh3 Qf1+ 43. Kh4 Rh2# 0-1